000
00329nam a2200133Ia 4500
008
250611s9999 xx 000 0 und d
082
_a
891.733 CHE
100
_a
Chekhov, A.
245
4
_a
The Cherry Orchard
260
_a
Moscow:
_b
Foreing Languages Publishing,
300
_a
138p.
_b
:ill.
600
_a
Literature
942
_c
GB
999
_c
31490
_d
31490